EFL Cup Winners - Statistics

General Stats
  • This quiz has been taken 274 times
  • The average score is 50 of 60
Answer Stats
Season Winner % Correct
1964-65 Chelsea
99%
1997-98 Chelsea
99%
2004-05 Chelsea
99%
2006-07 Chelsea
99%
2014-15 Chelsea
99%
1969-70 Manchester City
99%
1975-76 Manchester City
99%
2013-14 Manchester City
99%
2015-16 Manchester City
99%
2017-18 Manchester City
99%
2018-19 Manchester City
99%
2019-20 Manchester City
99%
1991-92 Manchester United
99%
2005-06 Manchester United
99%
2008-09 Manchester United
99%
2009-10 Manchester United
99%
2016-17 Manchester United
99%
1986-87 Arsenal
97%
1992-93 Arsenal
97%
1980-81 Liverpool
96%
1981-82 Liverpool
96%
1982-83 Liverpool
96%
1983-84 Liverpool
96%
1994-95 Liverpool
96%
2000-01 Liverpool
96%
2002-03 Liverpool
96%
2011-12 Liverpool
96%
1970-71 Tottenham Hotspur
93%
1972-73 Tottenham Hotspur
93%
1998-99 Tottenham Hotspur
93%
2007-08 Tottenham Hotspur
93%
1960-61 Aston Villa
86%
1974-75 Aston Villa
86%
1976-77 Aston Villa
86%
1993-94 Aston Villa
86%
1995-96 Aston Villa
86%
1967-68 Leeds United
78%
1963-64 Leicester City
77%
1996-97 Leicester City
77%
1999-2000 Leicester City
77%
2001-02 Blackburn Rovers
75%
1977-78 Nottingham Forest
75%
1978-79 Nottingham Forest
75%
1988-89 Nottingham Forest
75%
1989-90 Nottingham Forest
75%
1973-74 Wolverhampton Wanderers
74%
1979-80 Wolverhampton Wanderers
74%
2012-13 Swansea City
68%
1962-63 Birmingham City
65%
2010-11 Birmingham City
65%
1961-62 Norwich City
65%
1984-85 Norwich City
65%
1990-91 Sheffield Wednesday
60%
1965-66 West Bromwich Albion
58%
2003-04 Middlesbrough
55%
1971-72 Stoke City
54%
1966-67 Queens Park Rangers
50%
1987-88 Luton Town
40%
1985-86 Oxford United
34%
1968-69 Swindon Town
33%
No matching quizzes found
Score Distribution
Percent of People with Each Score
Percentile by Number Answered
Your Score History
You have not taken this quiz